| 000 | 00367nam a2200109Ia 4500 | ||
|---|---|---|---|
| 008 | 171204s9999 xx 000 0 und d | ||
| 245 | _aOpen Spaces for Interactions and Learning Diversities: | ||
| 245 | _cAlessio Surian | ||
| 260 | _c2016 | ||
| 650 | _xField Study 2: Experiencing the Teaching/Learning Process | ||
| 856 | _uhttp://down.ebook777.com/044/946300338X.pdf | ||
| 999 |
_c345795 _d345795 |
||